000 01720nam0a2200361 i 4500
001 RU\NLR\BIBL_A\011212016
005 20260407092156.0
010 _a9785944572547
_9550
021 _aRU
_b2016-66631
_94270
035 _a(NLR Aleph) 011212016
090 _a11978032
_c11978032
100 _a20160914d2015 k y0rusy50 ca
101 0 _arus
102 _aRU
105 _ay z 001yy
200 1 _aГлаголы звуков животных: типология метафор
_dVerbs of animal sounds: typology of metaphorical extensions
_fИн-т языкознания Рос. акад. наук. Нац. исслед. ун-т "Высшая шк. экономики"
_g[сост.: Е.В. Рахилина
_gпод ред. Т.И. Резниковой и др.]
_zeng
210 _aМосква
_cЯзыки славянской культуры
_d2015
215 _a396 c.
_d24
320 _aБиблиогр.: с. 381-387
320 _aУказ. животных: с. 391-396
510 1 _aVerbs of animal sounds: typology of metaphorical extensions
_zeng
606 _aМетафора
_91492638
_3RU\NLR\AUTH\66642964
606 _aИзобразительные слова
_91095468
_3RU\NLR\AUTH\66430472
686 1 _aШ103.2
686 1 _aШ103.16
702 1 _4220
_8rus
_7ca
_aРахилина
_bЕ. В.
_gЕкатерина Владимировна
_3RU\NLR\AUTH\77100002
_982928
702 1 _aРезникова
_bТ. И.
_gТатьяна Исидоровна
_4340
712 0 2 _4570
_aИнститут языкознания
_cМосква
_3RU\NLR\AUTH\8818281
_9309757
942 _cBOOK
980 _aNBR